Statistics for Chile Immigration by Country

Click here to take the quiz!

General Stats

  • This quiz has been taken 656 times
  • The average score is 15 of 18

Answer Stats

# PeopleCountry% Correct
79,474Argentina
97%
235,165Peru
97%
120,103Bolivia
96%
19,980Brazil
95%
18,477United States
95%
455,494Venezuela
95%
161,153Colombia
94%
5,987Paraguay
91%
41,403Ecuador
89%
10,380Mexico
89%
22,524Spain
89%
15,696China
77%
10,520France
75%
9,689Germany
74%
6,075Italy
71%
16,253Cuba
64%
185,865Haiti
59%
20,080Dominican Republic
53%

Score Distribution

Percentile by Number Answered

Percent of People with Each Score

Your Score History

You have not taken this quiz